Normal view
MARC view
- DA Briggs
Entry Personal Name
001 - CONTROL NUMBER
- control field: 24633
003 - CONTROL NUMBER IDENTIFIER
- control field: NUST
005 - DATE AND TIME OF LATEST TRANSACTION
- control field: 20191023131141.0
008 - FIXED-LENGTH DATA ELEMENTS
- fixed length control field: 191023|| aca||aabn | a|a d
040 ## - CATALOGING SOURCE
- Original cataloging agency: NUST
- Transcribing agency: NUST
100 ## - HEADING--PERSONAL NAME
- Personal name: DA Briggs
670 ## - SOURCE DATA FOUND
- Source citation: Work cat.: (NUST): DA Briggs, Taxi Industry in Rawalpindi and Islamabad, 1987
